[Event "SVK-chT2D 1213"]
[Site "Slovakia"]
[Date "2013.03.17"]
[Round "11.8"]
[White "Macejko, Miroslav"]
[Black "Kapisovsky, Pavol"]
[Result "1-0"]
[WhiteElo "1684"]
[BlackElo "1432"]
[PlyCount "59"]
[EventDate "2012.10.13"]
[EventType "team-tourn"]
[EventRounds "11"]
[EventCountry "SVK"]
[SourceTitle "EXT 2015"]
[Source "ChessBase"]
[SourceDate "2014.11.20"]
[SourceVersion "1"]
[SourceVersionDate "2014.11.20"]
[SourceQuality "1"]
[WhiteTeam "Prakovce"]
[BlackTeam "Presov Tatran Dason"]
[WhiteTeamCountry "SVK"]
[BlackTeamCountry "SVK"]

1. d4 d5 2. Bf4 Nf6 3. h3 Nbd7 4. e3 e6 5. Nf3 Be7 6. Nbd2 0-0 7. Be2 c6 8. a3 a6 9. 0-0 h6 10. c4 dxc4 11. Nxc4 Nb6 12. b4 Nbd5 13. Bh2 b5 14. Na5 Bd7 15. Rc1 Rc8 16. Bd3 Qb6 17. Be5 Kh8 18. Bb1 Nxb4 19. axb4 Bxb4 20. Nb3 Nd5 21. Qc2 f5 22. Nc5 Nc3 23. Nxd7 Qd8 24. Nxf8 Qxf8 25. Qd3 Ne4 26. Rc2 Qe8 27. Rfc1 a5 28. Bh2 Qd7 29. Ne5 Bd6 30. Nxd7 1-0